[Event "Moscow Petrosian Memorial U18"]
[Site "Moscow"]
[Date "2005.01.??"]
[Round "4"]
[White "Kuroedov, Nikolay"]
[Black "Korolev, Pavel"]
[Result "0-1"]
[WhiteElo "2146"]
[BlackElo "2158"]
[PlyCount "122"]
[EventDate "2005.01.??"]
[EventType "swiss"]
[EventRounds "9"]
[EventCountry "RUS"]
[SourceTitle "EXT 2006"]
[Source "ChessBase"]
[SourceDate "2005.11.24"]
[SourceVersion "1"]
[SourceVersionDate "2005.11.24"]
[SourceQuality "1"]

1. d4 Nf6 2. c4 g6 3. Nc3 d5 4. cxd5 Nxd5 5. e4 Nxc3 6. bxc3 Bg7 7. Bc4 c5 8. Ne2 Nc6 9. Be3 cxd4 10. cxd4 Qa5+ 11. Bd2 Qa3 12. Rb1 0-0 13. d5 Nd4 14. Bb4 Qf3 15. 0-0 Qxe4 16. Ng3 Nf3+ 17. Qxf3 Qxc4 18. Bxe7 Re8 19. d6 Be6 20. Rfc1 Qxa2 21. Qxb7 Bd5 22. Qc7 Bd4 23. Qc2 Qxc2 24. Rxc2 Bb6 25. h3 Bd8 26. Re1 Be6 27. Bxd8 Rexd8 28. Ne4 a5 29. Rd2 a4 30. Nc5 a3 31. Nb7 Rdb8 32. d7 Bxd7 33. Rxd7 a2 34. Ra1 Kg7 35. Kh2 Ra7 36. Nc5 Ra5 37. Ne4 Rb1 38. Rd1 Rxd1 39. Rxd1 a1Q 40. Rxa1 Rxa1 41. Kg3 Ra4 42. Kf3 f5 43. Nc5 Rc4 44. Nd3 Kf6 45. g3 g5 46. Ke3 Ra4 47. Kf3 h5 48. Kg2 Ra3 49. Ne1 g4 50. hxg4 hxg4 51. Nc2 Ra2 52. Ne3 Ke5 53. Nf1 Ke4 54. Ne3 Re2 55. Nf1 Kd3 56. Kg1 Kc2 57. Nh2 Kd2 58. Kf1 Kd1 59. Kg1 Ke1 60. Nf1 Rxf2 61. Nh2 Rxh2 0-1